000 00685nam a2200289Ia 4500
005 20260324132813.0
008 008 260324s9999 xx 000 0 eng d
020 _a9780203635711
037 _aEBOOK
040 _aCRL
040 _beng
040 _cCRL
041 _2eng
041 _aeng
084 _qCRL
100 _aRex A. Wade
_91190683
245 0 _aRevolutionary Russia
245 0 _bNew Approaches to the Russian Revolution of 1917
260 _bTaylor and Francis
260 _c2004
365 _a
365 _b230
856 _uhttp://www.taylorfrancis.com/books/9780203635711
942 _cEBOOK
999 _c1789104
_d1789104